01284cam a2200277 4500001000500000005001700005008003900022010001700061020001500078082001800093100003600111245012500147260006400272300003400336504005100370505007500421520021200496650004200708651005100750651004600801651004700847651004200894700002800936700001700964700002500981772620181127184224.0040401s2004 enka b 001 0 eng a 2004047122 a184376244700a330.95195222 aHarvie, Charlesbcdeeditorq04aThe Korean economy :bpost-crisis policies, issues and prospects /cedited by Charles Harvie, Hyun-Hoon Lee, Junggun Oh. aCheltenham, UK ;aNorthhampton, MA :bEdward Elgar,cc2004. axii, 324 p. :bill. ;c24 cm. aIncludes bibliographical references and index. aIntroduction -- Reform and policies -- Other issues -- Prospectsgrt aKorea has played, and will increasingly play, an important role in the future development of the South East Asian region, including the expansion of regional economic cooperation and interregional trade.  0aEconomic stabilizationzKorea (South) 0aKorea (South)xEconomic conditionsy1960-1988. 0aKorea (South)xEconomic conditionsy1988- 0aKorea (South)xEconomic policyy1960-1988. 0aKorea (South)xEconomic policyy1988-1 aHarvie, Charles,d1954-1 aOh, Junggun.1 aYi, Hyon-hun,d1959-